(Anti)korupční klima v zemích Evropské unie
Protikorupčné aktivity Európskej únie. Európska protikorupčná jednotka OLAF (European anti-fraud office). Európsky ombudsman. Protikorupčné opatrenia prijaté v rámci Rady Európy. GRECO (Group of states against corrruption). Občianskoprávny dohovor. Trestnoprávny dohovor o korupcii. Miera výskytu ko...
Na minha lista:
| Autor principal: | |
|---|---|
| Formato: | Capítulo de Livro |
| Idioma: | tcheco |
| Assuntos: | |
| Tags: |
Sem tags, seja o primeiro a adicionar uma tag!
|
MARC
| LEADER | 00000naa$a2200000$$$4500 | ||
|---|---|---|---|
| 001 | 0006042 | ||
| 005 | 20231004104246.5 | ||
| 041 | 0 | |a cze | |
| 044 | |a CZ | ||
| 245 | 1 | 0 | |a (Anti)korupční klima v zemích Evropské unie |c aut. Jolana Volejníková |
| 520 | |a Protikorupčné aktivity Európskej únie. Európska protikorupčná jednotka OLAF (European anti-fraud office). Európsky ombudsman. Protikorupčné opatrenia prijaté v rámci Rady Európy. GRECO (Group of states against corrruption). Občianskoprávny dohovor. Trestnoprávny dohovor o korupcii. Miera výskytu korupcie v jednotlivých krajinách EÚ. Korupcia a proces zbližovania. | ||
| 610 | 2 | 0 | |a korupcia |
| 610 | 2 | 0 | |a opatrenia |
| 610 | 2 | 0 | |a Európska únia |
| 610 | 2 | 0 | |a prevencia |
| 610 | 2 | 0 | |a dohody medzinárodné |
| 100 | 1 | |a Volejníková, Jolana | |